000 00482nam a2200157 i 4500
001 50287
003 ES-MaACL
007 t|
008 030801s1933 sp ||||1| spa d
100 1 _aCueto, Juan,
_d1881-1937
_942076
245 1 0 _aCuentos al nuncio
_b: sobre derivaciones republicanas de los sucesos de Vera /
_cJuan Cueto.
260 _aMadrid :
_b[s.n.,
_c1933] (
_fGalo Sèz)
300 _a204 p. ;
_c19 cm.
852 _aES-MaACL
_jB-8463
999 _c50287
_d50287